000
00261nam a2200109Ia 4500
008
220204s9999 xx 000 0 und d
082
_a
82-3
_b
COL
100
_a
Coleman, Lonnie
245
0
_a
Look away, Beulah land
260
_a
New York
_b
Dell
_c
1977
942
_c
BK
999
_c
33520
_d
33520